Soccer questions (HaRD) 2024 - Statistics

General Stats
  • This quiz has been taken 164 times
  • The average score is 5 of 7
Answer Stats
Question Answer % Correct
When did Pele die? 2022
85%
Who won the 1950 World Cup? Uruguay
85%
Where is Neymar J.r now? Al Hilal
82%
What player Signed to PSG in 2018? Kylian Mbappe
82%
When Was the last Germany World Cup? 2006
68%
What is the Middle name of Messi? Andrés
61%
The Next FIFA World Cup in 3 times is? 2034
41%
No matching quizzes found
Score Distribution
Percent of People with Each Score
Percentile by Number Answered
Your Score History
You have not taken this quiz